Egyptian woodworking and furniture /

Saved in:

Main Author: Killen, G. (Author)

Format: Book

Language: English

Published: Princes Risborough, Buckinghamshire, UK : Shire, 1994.

Series: Shire Egyptology ; 21.
ShirEgypt ; 21.

Subjects:

Tags: Add Tag

No Tags, Be the first to tag this record!

Call Number: DT57 .S25 v.21

LEADER 01131namaa2200361 4500
001 11556
003 OSt
005 20260422071829.0
008 130303s1994 enkab b 001 0 eng d
010 |a gb 94036655 
015 |a GB94-36655 
020 |a 0747802394 (pbk) 
040 |c ARCE Library 
043 |a f-ua--- 
050 4 |a DT57 .S25 v.21 
100 1 |a Killen, G.,   |q (Geoffrey),   |e author  |9 33953 
245 1 0 |a Egyptian woodworking and furniture /  |c Geoffrey Killen. 
264 1 |a Princes Risborough, Buckinghamshire, UK :  |b Shire,  |c 1994. 
300 |a 64 pages :  |b illustrations, 1 map ;  |c 21 cm. 
490 1 |a Shire Egyptology ;   |v 21. 
490 1 |a ShirEgypt ;   |v 21. 
504 |a Includes bibliographical references (page 62) and index. 
650 0 |a Furniture  |z Egypt. 
650 0 |a Furniture, Ancient  |z Egypt. 
650 0 |a Woodwork  |z Egypt  |x History. 
650 0 |a Woodworking tools   |z Egypt   |x History. 
651 0 |a Egypt   |x Antiquities. 
830 0 |a Shire Egyptology ;   |v 21. 
830 0 |a ShirEgypt ;   |v 21. 
852 |a IN  |c 20090707091500.0n  |p 11268 
901 |a reviewed 
942 |c BK  |2 lcc 
999 |c 11311  |d 11311